My big book of knowledge
| Format: | Book |
|---|---|
| Published: |
Mumbai :
Wilco Publishing House ,
2014
|
| Subjects: |
MARC
| LEADER | 00000cam a2200000 7i4500 | ||
|---|---|---|---|
| 001 | 0000191256 | ||
| 005 | 20150805.0 | ||
| 020 | |a 9788182526099 | ||
| 090 | 0 | 0 | |a 001 |b MYB |
| 245 | 0 | 0 | |a My big book of knowledge |
| 260 | |a Mumbai : |b Wilco Publishing House , |c 2014 | ||
| 300 | |a 384p. : |b ill. ; |c 29cm. | ||
| 650 | 0 | |a Curiosities and wonders | |
| 999 | |a 00311255 |b BUKU |c JUNIOR REFERENCE |e PERPUSTAKAAN KOMUNITI PETALING JAYA | ||